| 000 | 00562nam a22001817a 4500 | ||
|---|---|---|---|
| 010 | _aENG-144810 | ||
| 020 |
_a8172543026 _c350.00 |
||
| 035 | _aEN-128342 | ||
| 037 | _bDBAD | ||
| 082 |
_a020 _2First |
||
| 100 |
_aRamasamy,E.S. _981062 |
||
| 245 |
_aTancet M.B.A./ _cE.S. Ramasamy |
||
| 260 |
_aChennai _bSuraj College Of Competition _c2015 |
||
| 270 |
_a1620,J Block, _b16th Main Road, Anna Nagar, _e600040 _k044-26162173,26161099 _menquiry@surabooks.com |
||
| 300 |
_a140p. _c24cm.(PB) |
||
| 700 |
_a. _981060 |
||
| 942 |
_2ddc _cEN _h020 _mRam |
||
| 999 |
_c211185 _d211185 |
||